Statistics for Haritada İzmir İlçeleri

Click here to take the quiz!

General Stats

  • This quiz has been taken 331 times
  • The average score is 6 of 11

Answers on the Map

Answers color-coded by a green-red scale on the quiz's map according to % correct below.
 

Answer Stats

İlçe% Correct
Bornova
82%
Karşıyaka
78%
Konak
73%
Buca
66%
Bayraklı
48%
Çiğli
46%
Karabağlar
44%
Balçova
42%
Gaziemir
42%
Güzelbahçe
36%
Narlıdere
35%

Score Distribution

Percentile by Number Answered

Percent of People with Each Score

Your Score History

You have not taken this quiz